Statistics for DP World Tour Golf Winners 2022

Click here to take the quiz!

General Stats

  • This quiz has been taken 9 times
  • The average score is 19 of 44

Answer Stats

TournamentNationWinner% Correct
Slync.io Dubai Desert ClassicNorwayViktor Hovland
100%
The Open ChampionshipAustraliaCameron Smith
80%
DP World Tour ChampionshipSpainJon Rahm
80%
Acciona Open de Espana presented by MadridSpainJon Rahm
80%
Portugal MastersEnglandJordan Smith
80%
The Ras al Khaimah ClassicNew ZealandRyan Fox
80%
Alfred Dunhill Links ChampionshipNew ZealandRyan Fox
80%
Abu Dhabi HSBC ChampionshipBelgiumThomas Pieters
80%
Nedbank Golf ChallengeEnglandTommy Fleetwood
80%
Horizon Irish OpenPolandAdrian Meronk
60%
Commercial Bank Qatar MastersScotlandEwen Ferguson
60%
ISPS Handa World Invitational presented by AVIV ClinicsScotlandEwen Ferguson
60%
PGA ChampionshipUSAJustin Thomas
60%
US OpenEnglandMatt Fitzpatrick
60%
Ras al Khaimah Championship presented by Phoenix CapitalDenmarkNicolai Hojgaard
60%
The MastersUSAScottie Scheffler
60%
WGC-Dell Technologies Match PlayUSAScottie Scheffler
60%
Estrella Damn N.A. Andalucia MastersSpainAdrian Otaegui
40%
Magical Kenya Open presented by AbsaChinaAshun Wu
40%
Cazoo Open de FranceItalyGuido Migliozzi
40%
BMW International OpenChinaHaotong Li
40%
Volvo Car Scandinavian MixedSwedenHenrik Stenson
40%
Made in HimmerlandEnglandOliver Wilson
40%
DS Automobiles Italian OpenScotlandRobert MacIntyre
40%
BMW PGA ChampionshipIrelandShane Lowry
40%
Betfred British Masters hosted by Danny WillettDenmarkThorbjorn Olesen
40%
Omega European MastersSouth AfricaThriston Lawrence
40%
Joburg OpenSouth AfricaThriston Lawrence
40%
Dutch OpenFranceVictor Perez
40%
Genesis Scottish OpenUSAXander Schauffele
40%
JP McManus Pro-AmUSAXander Schauffele
40%
Barracuda ChampionshipUSAChez Reavie
20%
D+D Real Czech MastersGermanyMaximilian Kieffer
20%
ISPS Handa Championship in SpainSpainPablo Larrazabal
20%
MyGolfLife Open hosted by PecanwoodSpainPablo Larrazabal
20%
Soudal OpenEnglandSam Horsfield
20%
Hero OpenUSASean Crocker
20%
Barbasol ChampionshipUSATrey Mullinax
20%
Mallorca Golf OpenGermanyYannik Paul
20%
Catalunya ChampionshipSpainAdri Arnaus
0%
Cazoo Open supported by Gareth BaleEnglandCallum Shinkwin
0%
Porsche European OpenFinlandKalle Samooja
0%
Cazoo ClassicScotlandRichie Ramsay
0%
Steyn City ChampionshipSouth AfricaShaun Norris
0%

Score Distribution

Percentile by Number Answered

Percent of People with Each Score

Your Score History

You have not taken this quiz